| 000 | 00345 a2200109 4500 | ||
|---|---|---|---|
| 001 | ART_39514 | ||
| 005 | 20260410161646.0 | ||
| 008 | 260409a | ||
| 245 | 1 | 0 | _aAspectos esenciales de los requerimientos de inspección |
| 100 | 1 | _aCaranta, Martín R. | |
| 773 | 0 |
_tConsultor tributario _g- Año 10, Nº 112 (jun. 2016) _wREV474 |
|
| 999 |
_c13807 _d13807 |
||